Statistics for Boom Boom Boom Boom - Vengaboys (All Lyrics)

Click here to take the quiz!

General Stats

  • This quiz has been taken 367 times
  • The average score is 209 of 254

Answer Stats

Lyrics% Correct
boom.
99%
boom
99%
boom,
99%
Boom,
99%
I
98%
you
97%
you.
97%
in
96%
my
96%
want
96%
room.
94%
to
93%
the
88%
together
88%
together,
88%
a
87%
night
86%
spend
84%
Let's
78%
let's
78%
forever.
77%
And
76%
and
76%
now
72%
Oh.
71%
Oh,
71%
do.
69%
wanna
69%
from
68%
me
67%
until
67%
your
63%
be
60%
is
60%
some
54%
what
54%
this
53%
you're
53%
go
52%
If
52%
have
51%
Just
49%
need
49%
I'll
48%
alone
46%
fun.
46%
come
45%
friend.
45%
tonight.
45%
baby,
43%
lover
43%
make
43%
take
43%
hand.
42%
problems.
39%
forget
38%
Someone
38%
along,
35%

Score Distribution

Percentile by Number Answered

Percent of People with Each Score

Your Score History

You have not taken this quiz